Spiderman Name Quiz - Statistics

General Stats
  • This quiz has been taken 149 times
    133 since last reset
  • The average score is 7 of 19
Answer Stats
Hint Answer % Correct
Spiderman Peter Parker
93%
Ghost Spider Gwen Stacy
78%
Spiderman 2099 Miguel O'hara
67%
Spiderham Peter Porker
65%
Kid-Arachnid Miles Morales
62%
Bully Maguire Tobey Maguire
51%
Sp//der Peni Parker
44%
Spider Punk Hobart Brown
43%
Penis Parker Tom Holland
38%
Scarlet Spider Ben Reilly
35%
Spider Woman Jessica Drew
35%
Spider Girl Anya Corazon/Mayday Parker/ Petra Parker
33%
Silk Cindy Moon
32%
Iron Spider Amadeus Cho
24%
Spider Mobile Peter Parked Car
16%
Spider-Byte Margo Kess
10%
Web-Slinger Patrick O'hara
9%
Spider Rex Pter Ptarker
9%
Spiderman India Pravitr Prabhakar
5%
No matching quizzes found
Score Distribution
Percent of People with Each Score
Percentile by Number Answered
Your Score History
You have not taken this quiz since the last reset